000 00858nam a2200265 i 4500
001 bg
245 0 _aPrzykłady obliczeń z podstaw konstrukcji maszyn :
_bopracowanie zbiorowe /
_cpod red. Jana Banaszaka ; Politechnika Lubelska. - Cz.2.
260 _aLublin :
_bPolitechnika Lubelska,
_c1996.
300 _a228 s. :
_brys., wykr. ;
_c24 cm.
504 _aBibliogr. s 228.
650 9 _aWały
650 9 _aHamulce
_xbudowa i konstrukcje
650 9 _aPrzekładnie
_xbudowa i konstrukcje
650 9 _aSprzęgła
_xbudowa i konstrukcje
650 9 _aKoła zębate
_xbudowa i konstrukcje
655 _aPodręczniki akademickie
700 1 _aBANASZAK, Jan.
_eRed.
020 _a8386333332
040 _cBPK
041 0 _apl
080 _a621.82/.85](075.8)
920 _a83-86333-33-2
942 _cKS
008 s pl f |000 0 pol
999 _c25017
_d25017
856 _uhttp://koha.tu.koszalin.pl/cgi-bin/koha/opac-detail.pl?biblionumber=25017
_yKatalog online BPK